[Event "Titled Tue 24th Jun Early"]
[Site "chess.com INT"]
[Date "2025.06.24"]
[Round "8"]
[White "Brenke, Andreas"]
[Black "Norman, Kseniya"]
[Result "1-0"]
[WhiteTitle "FM"]
[BlackTitle "WFM"]
[WhiteElo "2349"]
[BlackElo "2069"]
[WhiteFideId "4602900"]
[BlackFideId "13518780"]
[EventDate "2025.06.24"]

1. d4 Nf6 2. c4 g6 3. Nc3 Bg7 4. e4 d6 5. Be2 O-O 6. h4 e5 7. d5 h6 8. h5 g5 9.
g4 c6 10. f3 Na6 11. Be3 Ne8 12. Nh3 Nec7 13. a4 cxd5 14. cxd5 Nc5 15. b4 Nd7
16. Nf2 b6 17. O-O a5 18. Qb3 Na6 19. Nd3 Rb8 20. Rfc1 Nf6 21. Rab1 Nxh5 22.
gxh5 g4 23. fxg4 Qh4 24. Qd1 Qg3+ 25. Kf1 Qxe3 26. b5 Qh3+ 27. Ke1 Nc5 28. Nxc5
bxc5 29. Bf3 f5 30. exf5 Bxf5 31. gxf5 Rxf5 32. Be2 e4 33. Kd2 Rf2 34. Qe1 Qg3
35. Nd1 Qf4+ 36. Kc2 Rh2 37. Rb3 Qf5 38. Re3 Be5 39. Nc3 Bf4 40. Qg1+ Kh8 41.
Rf1 Qe5 42. Rxf4 Qxf4 43. Rxe4 Qf2 44. Qxf2 Rxf2 45. Re6 Rg8 46. Rxh6+ Kg7 47.
Rxd6 1-0

[Event "Titled Tue 24th Jun Early"]
[Site "chess.com INT"]
[Date "2025.06.24"]
[Round "8"]
[White "Li, Yilin"]
[Black "Porozhnyak, Maya"]
[Result "0-1"]
[WhiteTitle "WFM"]
[BlackTitle "WCM"]
[WhiteElo "1922"]
[BlackElo "1953"]
[WhiteFideId "8610410"]
[BlackFideId "34115843"]
[EventDate "2025.06.24"]

1. e4 c5 2. Nf3 e6 3. c3 d5 4. exd5 Qxd5 5. d4 Nf6 6. Be3 cxd4 7. Nxd4 Bd7 8.
Be2 e5 9. Nf3 e4 10. Nd4 Nc6 11. Nd2 Nxd4 12. Bxd4 Be7 13. Nc4 O-O 14. O-O b5
15. Bxf6 Qxd1 16. Raxd1 Bxf6 17. Rxd7 bxc4 18. Bxc4 Rab8 19. Bb3 a5 20. Ra7 Rb5
21. Re1 Re5 22. f3 exf3 23. Rxe5 Bxe5 24. gxf3 Bf4 25. Rxa5 Bc1 26. Rb5 Rd8 27.
Rb7 Kh8 28. Bxf7 g6 29. b4 Rd3 30. Bb3 Rxc3 31. Kg2 Ba3 32. b5 Rd3 33. Rb8+ Kg7
34. Rg8+ Kh6 35. Rf8 Bxf8 36. b6 Bd6 37. b7 Rd2+ 38. Kf1 Rxh2 39. a4 Rb2 40. Bd5
Bb8 41. a5 Kg5 42. a6 Kf4 43. Ke1 h5 44. Kd1 h4 45. Ke1 h3 46. Kf1 Kg3 47. f4 h2
48. Ke1 Kxf4 49. Kd1 g5 50. Kc1 Rb6 51. Kc2 g4 52. Kc3 g3 53. Kc4 Ba7 54. Kc5
Rxb7+ 55. Kd6 Rb6+ 56. Ke7 Rxa6 0-1

[Event "Titled Tue 24th Jun Early"]
[Site "chess.com INT"]
[Date "2025.06.24"]
[Round "8"]
[White "Kozlov, Oleg"]
[Black "Moroni, Luca Jr"]
[Result "1-0"]
[WhiteTitle "IM"]
[BlackTitle "GM"]
[WhiteElo "2253"]
[BlackElo "2549"]
[WhiteFideId "4104544"]
[BlackFideId "865834"]
[EventDate "2025.06.24"]

1. d4 g6 2. Nf3 Bg7 3. e4 d6 4. Bd3 Nf6 5. O-O O-O 6. Re1 Nc6 7. d5 Nb8 8. h3 c6
9. c4 Nbd7 10. Nc3 Nc5 11. Bc2 e5 12. Be3 cxd5 13. cxd5 Nh5 14. Nd2 Nf4 15. Nc4
Qg5 16. Qf3 Rd8 17. b4 Na6 18. b5 Nc5 19. Kh2 Qh4 20. Qg3 Qe7 21. Rad1 b6 22.
Bxc5 bxc5 23. Na5 Rf8 24. Nc6 Qc7 25. a4 f5 26. exf5 gxf5 27. Qg5 Kh8 28. g3 Ng6
29. Rb1 e4 30. Re3 Qf7 31. f4 Bd7 32. Qh5 Bxc3 33. Rxc3 Qxd5 34. Rd1 Qa2 35.
Rxd6 Be6 36. Qd1 Rfe8 37. Rxc5 h5 38. Qd4+ Kh7 39. Nb4 Re7 40. Nxa2 e3 41. Nc3
h4 42. Qxe3 Rae8 43. Qf2 hxg3+ 44. Qxg3 Rg7 45. Rxf5 Bf7 46. Rg5 Kg8 47. Bxg6
Bxg6 48. Rdxg6 Re2+ 1-0

[Event "Titled Tue 24th Jun Early"]
[Site "chess.com INT"]
[Date "2025.06.24"]
[Round "8"]
[White "Babayeva, Nasrin"]
[Black "Devaev, Alexander"]
[Result "0-1"]
[WhiteTitle "WFM"]
[BlackTitle "FM"]
[WhiteElo "1936"]
[BlackElo "2306"]
[WhiteFideId "13416626"]
[BlackFideId "4169395"]
[EventDate "2025.06.24"]

1. c4 c5 2. g3 e6 3. Bg2 Nf6 4. Nf3 Be7 5. O-O O-O 6. Nc3 Nc6 7. d4 cxd4 8. Nxd4
Ne5 9. b3 d6 10. Bb2 a6 11. f4 Ng6 12. e4 Re8 13. Qd3 Qc7 14. Rad1 Rb8 15. Rfe1
Bf8 16. h3 b6 17. Kh2 Bb7 18. Ba3 e5 19. Nde2 exf4 20. gxf4 d5 21. Bxf8 Nxf4 22.
Qg3 N6h5 23. Nxf4 Nxg3 24. Kxg3 Kxf8 25. Nxd5 Qe5 26. Kf3 b5 27. c5 Rbc8 28. b4
Rcd8 29. Rc1 Bc6 30. Nd3 Qh5+ 31. Kf2 Qh4+ 32. Kg1 Re6 33. N3f4 Rh6 34. e5 Bxd5
35. Nxd5 Rg6 36. Re2 Rxg2+ 37. Rxg2 Rxd5 38. Re1 Qd4+ 39. Kh1 Rxe5 40. Rge2 Qd5+
41. Kg1 Rxe2 42. Rxe2 Qd4+ 43. Kf1 Qxb4 44. c6 Qc5 45. Rd2 Qxc6 46. Ke2 Qe4+ 47.
Kd1 Qc4 48. Ke1 g6 0-1

[Event "Titled Tue 24th Jun Early"]
[Site "chess.com INT"]
[Date "2025.06.24"]
[Round "8"]
[White "Weetik, Vjacheslav"]
[Black "Negrean, Andrei"]
[Result "1-0"]
[WhiteTitle "FM"]
[BlackTitle "FM"]
[WhiteElo "2423"]
[BlackElo "2352"]
[WhiteFideId "4153472"]
[BlackFideId "1291513"]
[EventDate "2025.06.24"]

1. c4 Nf6 2. Nc3 g6 3. e4 d6 4. d4 Bg7 5. Nf3 O-O 6. Be2 e5 7. O-O Nc6 8. dxe5
Nxe5 9. Bf4 Nxf3+ 10. Bxf3 Be6 11. b3 Nd7 12. Rc1 Re8 13. Re1 Ne5 14. Be2 Qd7
15. Qd2 Rad8 16. h3 Nc6 17. Bg5 Rc8 18. Nd5 Bxd5 19. cxd5 Nd4 20. Bg4 f5 21.
exf5 gxf5 22. Bh5 Re5 23. f4 Re4 24. Rxe4 fxe4 25. Bg4 Nf5 26. Qc2 h5 27. Bxh5
e3 28. Kh2 c6 29. Qe4 cxd5 30. Qxd5+ Kh8 31. Rxc8+ Qxc8 32. Bg4 Qe8 33. Qxf5 e2
34. Bh4 e1=Q 35. Bxe1 Qxe1 36. Qc8+ Kh7 37. Qxb7 Qf2 38. Qf3 Qxf3 39. Bxf3 Bd4
40. g4 Kg7 41. Kg3 Bc3 42. g5 a5 43. Kg4 Bd2 44. h4 Bc3 45. Bd5 Bd4 46. h5 Kh8
47. h6 Bc3 48. g6 Bf6 49. Kf5 Bc3 50. Ke6 a4 51. Kf7 axb3 52. g7+ Kh7 53. g8=Q+
Kxh6 54. Qg6# 1-0

[Event "Titled Tue 24th Jun Early"]
[Site "chess.com INT"]
[Date "2025.06.24"]
[Round "8"]
[White "Verbova, Elena"]
[Black "Kononenko, Dmitry2"]
[Result "1-0"]
[WhiteTitle "WFM"]
[BlackTitle "FM"]
[WhiteElo "2033"]
[BlackElo "2205"]
[WhiteFideId "14203677"]
[BlackFideId "14113538"]
[EventDate "2025.06.24"]

1. c4 c5 2. Nf3 Nc6 3. d4 cxd4 4. Nxd4 Nf6 5. Nc3 d5 6. cxd5 Nxd5 7. e3 Nxc3 8.
bxc3 Bd7 9. Rb1 e5 10. Nb5 Be6 11. Qxd8+ Kxd8 12. c4 a6 13. Nc3 Bb4 14. Bd2 Rc8
15. Nd5 Bxd2+ 16. Kxd2 Bxd5 17. cxd5 Na5 18. Bd3 Ke7 19. Rb6 Rhd8 20. e4 Rd6 21.
Rhb1 Rc7 22. g3 f6 23. f4 Rc5 24. Rxd6 Kxd6 25. Rb6+ Kc7 26. Re6 Kd7 27. fxe5
fxe5 28. Rxe5 Nc4+ 29. Bxc4 Rxc4 30. Rf5 b5 31. Rf7+ Kd6 32. Kd3 Ra4 33. Rxg7
Rxa2 34. Rxh7 a5 35. Rh6+ Kd7 36. Rb6 b4 37. e5 Kc7 38. Rc6+ Kb7 39. e6 Rxh2 40.
Rc5 Kb6 41. e7 Kxc5 42. e8=Q b3 43. Qc6+ Kb4 44. d6 b2 45. Qb6+ Ka4 46. d7 Rh1
47. Qxb2 Rd1+ 48. Qd2 Rb1 49. d8=Q Rb3+ 50. Ke2 Rb2 51. Qxa5+ Kb3 52. Qb5+ Ka3
53. Qdxb2# 1-0

[Event "Titled Tue 24th Jun Early"]
[Site "chess.com INT"]
[Date "2025.06.24"]
[Round "8"]
[White "Svane, Rasmus"]
[Black "Shogdzhiev, Roman"]
[Result "1/2-1/2"]
[WhiteTitle "GM"]
[BlackTitle "FM"]
[WhiteElo "2626"]
[BlackElo "2402"]
[WhiteFideId "4657101"]
[BlackFideId "55653537"]
[EventDate "2025.06.24"]

1. Nf3 Nf6 2. g3 d5 3. Bg2 g6 4. c4 c6 5. Qb3 Bg7 6. O-O O-O 7. d4 a5 8. Rd1 a4
9. Qb4 dxc4 10. Qxc4 b5 11. Qb4 Bb7 12. Qe1 Nbd7 13. e4 e6 14. a3 Qb6 15. Nc3 c5
16. dxc5 Qxc5 17. Be3 Qe7 18. e5 Nd5 19. Bg5 Qe8 20. Ne4 Nxe5 21. Nxe5 Bxe5 22.
Bh6 Bg7 23. Bxg7 Kxg7 24. Nd6 Qd7 25. Nxb7 Qxb7 26. Qe5+ Kg8 27. Rd4 Qb8 28. Qe2
Ra7 29. Bxd5 Rd7 30. Rad1 Rfd8 31. Qe4 Rxd5 32. Rxd5 exd5 33. Rxd5 Rxd5 34. Qxd5
b4 35. Qe4 bxa3 36. bxa3 Qb3 37. Qe8+ Kg7 38. Qe5+ Kg8 39. Qc5 h5 40. h4 Kg7 41.
Kg2 Kg8 42. Qd6 Kg7 43. Qd4+ Kg8 44. Qd8+ Kg7 45. Qd6 Qc4 46. Qe5+ Kg8 47. Qe3
Qd5+ 48. Qf3 Qb3 49. Qe3 Qd5+ 50. Kf1 Qd1+ 51. Kg2 Qd5+ 1/2-1/2

[Event "Titled Tue 24th Jun Early"]
[Site "chess.com INT"]
[Date "2025.06.24"]
[Round "8"]
[White "Ochedzan, Filip"]
[Black "Mummana Venkata Ruthvik"]
[Result "1-0"]
[WhiteTitle "CM"]
[BlackTitle "CM"]
[WhiteElo "1983"]
[BlackElo "2237"]
[WhiteFideId "21892610"]
[BlackFideId "25697307"]
[EventDate "2025.06.24"]

1. Nf3 Nf6 2. g3 g6 3. Bg2 Bg7 4. O-O O-O 5. d4 d6 6. c4 Nc6 7. Nc3 e5 8. e3 Nd7
9. Re1 Nb6 10. b3 Bg4 11. d5 e4 12. Nxe4 Bxa1 13. dxc6 bxc6 14. Qd2 Bg7 15. Bb2
Qe7 16. Bxg7 Kxg7 17. Qc3+ f6 18. Nfd2 Rae8 19. Qa5 Qd7 20. Nc3 Re5 21. Qa3 Bh3
22. Bh1 Rh5 23. b4 Re8 24. Qb2 Be6 25. Nce4 Qf7 26. c5 dxc5 27. Nxc5 Bd5 28. e4
Nc4 29. Qc3 Nxd2 30. Qxd2 Bxa2 31. Ra1 Bc4 32. Rxa7 Rhe5 33. Ra3 Bb5 34. Rc3
R5e7 35. h4 Ra8 36. Bg2 Ra1+ 37. Kh2 Ra2 38. Qe3 Qe8 39. Qd4 Qf7 40. Rf3 Re2 41.
g4 Re5 42. g5 Kg8 43. Rxf6 Qe7 44. Nd7 Re6 45. Rf8+ Qxf8 46. Nxf8 Kxf8 47. Qd8+
Kf7 48. Qd4 Rd6 49. Qc5 Rdd2 50. Kg3 Rxf2 51. Bh3 1-0

[Event "Titled Tue 24th Jun Early"]
[Site "chess.com INT"]
[Date "2025.06.24"]
[Round "8"]
[White "Kosteniuk, Alexandra"]
[Black "Rustemov, Alexander"]
[Result "0-1"]
[WhiteTitle "GM"]
[BlackTitle "GM"]
[WhiteElo "2474"]
[BlackElo "2525"]
[WhiteFideId "4128125"]
[BlackFideId "4119002"]
[EventDate "2025.06.24"]

1. e4 e6 2. d4 d5 3. exd5 exd5 4. Bf4 Nf6 5. Nc3 Bd6 6. Qd2 O-O 7. Nge2 Re8 8.
f3 c6 9. g4 Na6 10. Bxd6 Qxd6 11. O-O-O Nc7 12. Ng3 Ne6 13. Nce2 Nd7 14. Nf5 Qf8
15. h4 Nb6 16. b3 Bd7 17. Kb2 a5 18. a4 Nc8 19. h5 h6 20. Nc3 Nd6 21. f4 Nc7 22.
Nxd6 Qxd6 23. g5 Ne6 24. Ne2 b5 25. gxh6 gxh6 26. Rg1+ Kf8 27. f5 Ng5 28. Rxg5
hxg5 29. Qxg5 f6 30. Qh6+ Ke7 31. Nf4 Kd8 32. Ne6+ Bxe6 33. Qxf6+ Qe7 34. Qxe6
Qxe6 35. fxe6 bxa4 36. Bh3 axb3 37. cxb3 Ke7 38. Rg1 Rg8 39. Rc1 Kd6 40. Re1
Rae8 41. Bf5 Rg5 42. Re5 Rxh5 43. Ka3 Re7 44. Ka4 c5 45. Bg4 Rxe5 46. dxe5+ Kxe5
47. Kxa5 Rxe6 48. Bxe6 Kxe6 49. Kb5 Kd6 50. b4 c4 51. Ka6 c3 52. b5 c2 53. b6
c1=Q 0-1

[Event "Titled Tue 24th Jun Early"]
[Site "chess.com INT"]
[Date "2025.06.24"]
[Round "8"]
[White "Weisz, Bryan"]
[Black "Kjaergaard-Jensen, Jesper"]
[Result "1-0"]
[BlackTitle "CM"]
[WhiteElo "2059"]
[BlackElo "2081"]
[WhiteFideId "30934133"]
[BlackFideId "1406990"]
[EventDate "2025.06.24"]

1. b4 a5 2. b5 a4 3. c4 e6 4. a3 Qf6 5. Nc3 b6 6. Bb2 Qh4 7. e3 Bb7 8. Nf3 Qg4
9. Nxa4 Nf6 10. Nc3 d5 11. h3 Qf5 12. g4 Qg6 13. Ne5 Qg5 14. Ne2 dxc4 15. h4 Qh6
16. f3 Bxf3 17. Nxf3 Nxg4 18. Nf4 Nd7 19. Bxc4 Bd6 20. Ng5 Nge5 21. Bb3 O-O 22.
d4 Ng6 23. Qg4 Nxf4 24. exf4 Nf6 25. Qf3 Qh5 26. Qg3 Qg4 27. Qxg4 Nxg4 28. O-O
Ne3 29. Rf3 Nf5 30. d5 Nxh4 31. Rh3 Bxf4 32. Rxh4 Bxg5 33. Rg4 h6 34. dxe6 fxe6
35. Bxe6+ Kh8 36. Rd1 Rfe8 37. Bd5 Re7 38. Bxa8 Kh7 39. Be4+ g6 40. Rd8 Be3+ 41.
Kg2 Rg7 42. Bxg7 Kxg7 43. Rd7+ Kf6 44. Rxg6+ Ke5 45. Bf3 Bg5 46. Rc6 Kf4 47.
Rdxc7 Bd8 48. Rc4+ Ke5 49. R7c6 h5 50. Re4+ Kd5 51. Rh6 1-0

[Event "Titled Tue 24th Jun Early"]
[Site "chess.com INT"]
[Date "2025.06.24"]
[Round "8"]
[White "Naroditsky, Daniel"]
[Black "Jakubowski, Krzysztof"]
[Result "0-1"]
[WhiteTitle "GM"]
[BlackTitle "GM"]
[WhiteElo "2619"]
[BlackElo "2448"]
[WhiteFideId "2026961"]
[BlackFideId "1112848"]
[EventDate "2025.06.24"]

1. e4 c5 2. Nf3 e6 3. d4 cxd4 4. Nxd4 Nc6 5. Nc3 Qc7 6. g3 a6 7. Bg2 d6 8. O-O
Bd7 9. Re1 Be7 10. Nxc6 Bxc6 11. Qg4 g6 12. Be3 h5 13. Qe2 h4 14. Rad1 hxg3 15.
fxg3 Nf6 16. Bd4 e5 17. Be3 Qd7 18. Bf3 Qh3 19. Qg2 Qxg2+ 20. Kxg2 Rc8 21. Rd2
Bd7 22. h4 Be6 23. Bg1 Rc6 24. Nd5 Bxd5 25. exd5 Rc8 26. c3 Nd7 27. Bd1 f5 28.
h5 g5 29. Rf1 O-O 30. Bc2 f4 31. g4 Kg7 32. Kf3 Bd8 33. Bf5 Rxf5 34. gxf5 Nf6
35. Ke2 Kh6 36. Kd3 g4 37. Rg2 Be7 38. Kc2 Kxh5 39. Bf2 Kg5 40. Rh1 Kxf5 41.
Rgh2 g3 42. Bxg3 fxg3 43. Rg2 Kg4 44. Rf1 Nh5 45. Rf7 Bh4 46. Rg1 b5 47. Kd2 Rc5
48. Ke3 Rxd5 49. Ke4 Rc5 50. Rf8 Nf4 51. Rg8+ Bg5 52. Rxg5+ Kxg5 53. b4 Rc4+ 54.
Ke3 Rxc3+ 55. Kd2 Rf3 56. Kc2 g2 57. Rd1 Rf1 58. Rd2 g1=Q 59. Kb2 Rb1+ 60. Kc3
Qc1+ 0-1

[Event "Titled Tue 24th Jun Early"]
[Site "chess.com INT"]
[Date "2025.06.24"]
[Round "8"]
[White "Khoo-Thwe, Louis"]
[Black "Beyer, Lorenz"]
[Result "1-0"]
[WhiteTitle "CM"]
[BlackTitle "CM"]
[WhiteElo "2214"]
[BlackElo "2226"]
[WhiteFideId "1538756"]
[BlackFideId "16245393"]
[EventDate "2025.06.24"]

1. e4 e6 2. d4 d5 3. Nc3 dxe4 4. Nxe4 Nd7 5. g3 Ngf6 6. Bg2 Be7 7. Nxf6+ Nxf6 8.
Nf3 O-O 9. O-O c5 10. dxc5 Bxc5 11. Qxd8 Rxd8 12. Bg5 h6 13. Bxf6 gxf6 14. Rad1
Bd7 15. Nd2 Bc6 16. Bxc6 bxc6 17. Ne4 Be7 18. b3 f5 19. Nd2 Kg7 20. Nc4 Kf6 21.
a4 h5 22. f4 Bc5+ 23. Kg2 h4 24. Ne5 Bb6 25. Kf3 hxg3 26. hxg3 Rd5 27. Rh1 Rad8
28. Rh7 Rxe5 29. fxe5+ Kxe5 30. Rxd8 Bxd8 31. Rxf7 Bb6 32. a5 Bxa5 33. Rxa7 Bb4
34. Ra6 Kd6 35. Ke3 e5 36. Ra8 Bc5+ 37. Kd3 Bf2 38. Rg8 Kd5 39. Rg5 Ke6 40. c4
e4+ 41. Ke2 Bd4 42. Rg6+ Bf6 43. Rh6 Ke5 44. Rh5 Ke6 45. Ke3 c5 46. g4 Bd4+ 47.
Ke2 f4 48. Rd5 f3+ 49. Kf1 Kf6 50. b4 e3 51. Rf5+ Ke6 52. Rxf3 cxb4 53. Ke2 b3
54. Kd3 b2 55. Rf1 Bc5 56. Rb1 Ke5 57. Rxb2 Kf4 58. Rb5 Ba7 59. g5 Kf3 60. g6 e2
61. Rf5+ Kg4 62. Re5 Kf3 63. Rxe2 1-0

[Event "Titled Tue 24th Jun Early"]
[Site "chess.com INT"]
[Date "2025.06.24"]
[Round "8"]
[White "Logachiov, Aleksandr"]
[Black "Pournami S"]
[Result "1/2-1/2"]
[WhiteTitle "CM"]
[BlackTitle "WCM"]
[WhiteElo "2129"]
[BlackElo "1749"]
[WhiteFideId "24123706"]
[BlackFideId "25732439"]
[EventDate "2025.06.24"]

1. d4 Nf6 2. Bg5 d5 3. e3 e6 4. c4 h6 5. Bxf6 Qxf6 6. cxd5 exd5 7. Nc3 c6 8. Nf3
Bd6 9. Bd3 Bg4 10. h3 Bh5 11. g4 Bg6 12. Bxg6 fxg6 13. Qe2 O-O 14. Nd2 Na6 15.
Rf1 Bb4 16. Na4 b5 17. a3 bxa4 18. Qxa6 Bxd2+ 19. Kxd2 Rab8 20. Rab1 Rb6 21.
Qxa4 c5 22. b3 Rfb8 23. dxc5 Rb5 24. Qd4 Qe7 25. b4 a5 26. Rfc1 Qf7 27. f4 g5
28. f5 Qc7 29. Re1 axb4 30. axb4 Kh7 31. Re2 Ra8 32. Rb2 Ra1 33. Qd3 Rb8 34. f6+
g6 35. Qd4 Qf7 36. Rf2 Ra6 37. b5 Ra3 38. c6 Re8 39. b6 Rexe3 40. Qxe3 Rxe3 41.
Kxe3 Qe6+ 42. Kd2 d4 43. f7 Qe3+ 44. Kd1 Qd3+ 45. Rbd2 Qb1+ 46. Ke2 Qe4+ 47. Kf1
Qh1+ 48. Ke2 Qe4+ 49. Kd1 Qb1+ 50. Ke2 Qe4+ 1/2-1/2

[Event "Titled Tue 24th Jun Early"]
[Site "chess.com INT"]
[Date "2025.06.24"]
[Round "8"]
[White "Kramnik, Vladimir"]
[Black "Kovalev, Vladislav"]
[Result "1-0"]
[WhiteTitle "GM"]
[BlackTitle "GM"]
[WhiteElo "2753"]
[BlackElo "2557"]
[WhiteFideId "4101588"]
[BlackFideId "13504398"]
[EventDate "2025.06.24"]

1. e4 e5 2. Nf3 Nc6 3. Bb5 a6 4. Ba4 Nf6 5. O-O Be7 6. d3 b5 7. Bb3 d6 8. c3 O-O
9. h3 Na5 10. Bc2 c5 11. d4 Qc7 12. d5 Nc4 13. a4 Bd7 14. b3 Na5 15. axb5 axb5
16. Be3 g6 17. Nbd2 Nh5 18. Qe2 c4 19. b4 Nb7 20. Rfe1 Rfb8 21. Qf1 Nd8 22. Rxa8
Rxa8 23. Ra1 Qc8 24. Qb1 Rxa1 25. Qxa1 f5 26. Qa7 Qb7 27. Qa5 Nf7 28. Kh2 Bd8
29. Qa7 Qxa7 30. Bxa7 Nf6 31. Ne1 fxe4 32. Bxe4 Bc8 33. Nc2 Bb7 34. Ne3 Kf8 35.
f3 Ke8 36. g4 Kd7 37. Kg3 Kc8 38. h4 Ba8 39. g5 Nh5+ 40. Kg4 Kb7 41. Ndxc4 bxc4
42. Nxc4 Kxa7 43. Nb2 Bb6 44. Nd3 Kb7 45. c4 Bd4 46. c5 Kc7 47. c6 Nd8 48. b5
Kb6 49. Nc1 Ng7 50. Ne2 Be3 51. Ng3 Ne8 52. h5 gxh5+ 53. Nxh5 1-0

[Event "Titled Tue 24th Jun Early"]
[Site "chess.com INT"]
[Date "2025.06.24"]
[Round "8"]
[White "Akshat Sureka"]
[Black "Ersoz, Teoman Guney"]
[Result "1-0"]
[WhiteTitle "FM"]
[BlackTitle "CM"]
[WhiteElo "2339"]
[BlackElo "2052"]
[WhiteFideId "25774492"]
[BlackFideId "44537050"]
[EventDate "2025.06.24"]

1. c4 e5 2. Nc3 Nc6 3. g3 f5 4. Bg2 Nf6 5. d3 Bc5 6. e3 O-O 7. Nge2 d6 8. O-O
Qe8 9. d4 Bb6 10. a3 a5 11. Rb1 f4 12. dxe5 dxe5 13. exf4 Bf5 14. Ra1 Qh5 15.
fxe5 Nxe5 16. Nf4 Qf7 17. Ncd5 Bg4 18. Nxf6+ Qxf6 19. Qd5+ Kh8 20. Re1 Nc6 21.
Be3 Rad8 22. Qb5 Nd4 23. Qa4 Nf3+ 24. Bxf3 Bxf3 25. Bxb6 Qxb6 26. Qb5 Qh6 27.
Re6 g6 28. Qe5+ Qg7 29. Qxg7+ Kxg7 30. Re7+ Kh8 31. Rae1 Bc6 32. Ne6 Rde8 33.
Nxf8 Rxf8 34. Rxc7 Rd8 35. b4 h5 36. b5 Bf3 37. Rf7 Bg4 38. Rfe7 Bh3 39. Re8+
Rxe8 40. Rxe8+ Kg7 41. Re7+ Kf6 42. Rxb7 Bg2 43. Kxg2 Ke5 44. c5 Kd4 45. c6 Kc5
46. c7 Kc4 47. c8=Q+ Kb3 48. Qc5 a4 49. Rd7 Kb2 50. Rd3 h4 51. Qc3+ Kb1 52. Rd1+ 1-0

[Event "Titled Tue 24th Jun Early"]
[Site "chess.com INT"]
[Date "2025.06.24"]
[Round "8"]
[White "Plichta, Kamil"]
[Black "Huh, Isaak"]
[Result "1-0"]
[WhiteTitle "FM"]
[BlackTitle "CM"]
[WhiteElo "2361"]
[BlackElo "2139"]
[WhiteFideId "1141830"]
[BlackFideId "13209590"]
[EventDate "2025.06.24"]

1. Nf3 Nf6 2. g3 b6 3. Bg2 Bb7 4. O-O Bxf3 5. Bxf3 Nc6 6. d4 e6 7. c4 Be7 8. Nc3
O-O 9. e4 e5 10. dxe5 Nxe5 11. Be2 Bc5 12. Kg2 h6 13. f4 Nc6 14. e5 Nh7 15. a3
a5 16. Bf3 Rc8 17. Nb5 f6 18. e6 Nb8 19. Na7 dxe6 20. Nxc8 Qxc8 21. Qe2 Re8 22.
Rb1 a4 23. Be3 Bf8 24. Rfe1 e5 25. fxe5 Rxe5 26. Qd1 Ng5 27. Bxg5 Rxg5 28. Qxa4
Nd7 29. Bd5+ Kh8 30. Be6 Qb7+ 31. Bd5 Qc8 32. h4 Rg6 33. Qa8 Qxa8 34. Bxa8 Ne5
35. Be4 Rg4 36. b3 Bd6 37. Rbd1 Kg8 38. Bd5+ Kf8 39. Be6 Bxa3 40. Bxg4 Nxg4 41.
Kf3 Ne5+ 42. Rxe5 fxe5 43. Ke4 Bd6 44. Rb1 Ke7 45. b4 Ke6 46. g4 g6 47. h5 gxh5
48. gxh5 Kf6 49. Rg1 Bxb4 50. Rg6+ Kf7 51. Rxh6 Bd6 52. Rg6 Kf8 53. Kd5 Be7 54.
Kxe5 Bd6+ 55. Rxd6 1-0

[Event "Titled Tue 24th Jun Early"]
[Site "chess.com INT"]
[Date "2025.06.24"]
[Round "8"]
[White "Viskelis, Darius"]
[Black "Xalmatov, Yakubjon"]
[Result "1/2-1/2"]
[WhiteTitle "FM"]
[BlackTitle "CM"]
[WhiteElo "2170"]
[BlackElo "2096"]
[WhiteFideId "12800830"]
[BlackFideId "14201615"]
[EventDate "2025.06.24"]

1. e4 e5 2. Nf3 Nc6 3. Bb5 a6 4. Ba4 Nf6 5. d3 b5 6. Bb3 Be7 7. O-O d6 8. c3 h6
9. h3 O-O 10. Re1 Re8 11. Nbd2 Bf8 12. Nf1 Be6 13. Ng3 g6 14. d4 Bxb3 15. Qxb3
Na5 16. Qc2 c5 17. d5 c4 18. b4 cxb3 19. axb3 Qc7 20. Bd2 Rec8 21. Rec1 Nd7 22.
Nf1 Nb7 23. Ne3 a5 24. c4 b4 25. Ne1 Nbc5 26. f3 h5 27. g4 hxg4 28. hxg4 Bh6 29.
Nd3 Nxd3 30. Qxd3 Nc5 31. Qc2 Kg7 32. Kg2 Rh8 33. Rh1 Bf4 34. Rxh8 Rxh8 35. Rh1
Rxh1 36. Kxh1 Qd8 37. Kg2 Qh4 38. Nf1 Qg5 39. Bxf4 Qxf4 40. Qd1 f5 41. gxf5 gxf5
42. exf5 Qxf5 43. Ng3 Qd3 44. Qxd3 Nxd3 45. Ne4 Kf8 46. Kf1 Ke7 47. Nd2 Nc5 48.
Ke2 a4 49. bxa4 Nxa4 50. Kd3 Nc5+ 51. Kc2 Kf6 52. Ne4+ Ke7 53. Nxc5 dxc5 54. Kb3
Kd7 55. Kc2 Kd6 56. Kb3 Ke7 57. Kc2 Kd7 58. Kb3 Kc7 59. Kc2 Kd6 60. Kb3 Kd7 61.
Kc2 Kd6 1/2-1/2

[Event "Titled Tue 24th Jun Early"]
[Site "chess.com INT"]
[Date "2025.06.24"]
[Round "8"]
[White "Warchol, Kamil"]
[Black "Birkisson, Bjorn Holm"]
[Result "1-0"]
[WhiteTitle "FM"]
[BlackTitle "CM"]
[WhiteElo "2113"]
[BlackElo "2128"]
[WhiteFideId "21858241"]
[BlackFideId "2310600"]
[EventDate "2025.06.24"]

1. b4 e5 2. Bb2 Bxb4 3. Bxe5 Nf6 4. Nf3 Nc6 5. Bb2 O-O 6. e3 d5 7. c4 Bg4 8. a3
Bd6 9. cxd5 Nxd5 10. h3 Bh5 11. Be2 Qe7 12. O-O Rad8 13. Qb3 Nb6 14. Nc3 Rfe8
15. Nb5 a6 16. Nxd6 Rxd6 17. Rac1 Rg6 18. Kh1 Qd7 19. d3 Rh6 20. Qc3 f6 21. Ng1
Bxe2 22. Nxe2 Rxh3+ 23. gxh3 Qxh3+ 24. Kg1 Ne5 25. f3 Nxf3+ 26. Kf2 Ne5 27. Rg1
Ng4+ 28. Rxg4 Qxg4 29. Rg1 Qh4+ 30. Rg3 Kh8 31. Qxc7 Nd5 32. Qd7 Qh2+ 33. Ke1
Qh1+ 34. Kd2 Rg8 35. e4 Qh6+ 36. Kc2 Ne3+ 37. Kb1 Nd1 38. Bc1 Qh2 39. Qg4 Qf2
40. Qf3 Qb6+ 41. Kc2 Rc8+ 42. Kxd1 Qb3+ 43. Ke1 Qb1 44. Kf2 Qa2 45. Qe3 Rc2 46.
Kf3 Qe6 47. Nf4 Qf7 48. Bd2 Kg8 49. d4 Qe7 50. e5 Kf8 51. exf6 Qxf6 52. Qe5 Qe6
53. Qxe6 Rxd2 54. Nd5 Rd3+ 55. Ke4 g6 56. Qe7+ Kg8 57. Nf6+ Kh8 58. Qxh7# 1-0

[Event "Titled Tue 24th Jun Early"]
[Site "chess.com INT"]
[Date "2025.06.24"]
[Round "8"]
[White "Tari, Aryan"]
[Black "Gustafsson, Jan"]
[Result "1/2-1/2"]
[WhiteTitle "GM"]
[BlackTitle "GM"]
[WhiteElo "2636"]
[BlackElo "2591"]
[WhiteFideId "1510045"]
[BlackFideId "4625498"]
[EventDate "2025.06.24"]

1. c4 e5 2. Nc3 Nf6 3. a3 c6 4. d4 exd4 5. Qxd4 d5 6. Bg5 Be7 7. e3 O-O 8. Rd1
Be6 9. cxd5 Nxd5 10. Bxe7 Qxe7 11. Nf3 Nd7 12. Be2 Qf6 13. Ne4 Qg6 14. Neg5 Rfe8
15. Nxe6 Rxe6 16. O-O Qe4 17. Ng5 Qxd4 18. Rxd4 Re7 19. Bf3 N7f6 20. Rfd1 Rae8
21. h4 h6 22. Nh3 Ne4 23. g3 g6 24. Nf4 Nxf4 25. gxf4 Kg7 26. Kg2 h5 27. b4 Nf6
28. a4 a5 29. Rb1 axb4 30. Rdxb4 Ra8 31. Rxb7 Rxb7 32. Rxb7 Rxa4 33. Bxc6 Ra2
34. Bf3 Ng4 35. Rxf7+ Kg8 36. Kg3 Nxf2 37. Rd7 Kf8 38. e4 Ke8 39. Rd6 Kf7 40. e5
Kg7 41. Rd7+ Kf8 42. e6 Ng4 43. Bxg4 hxg4 44. Kxg4 Re2 45. Rd6 Ke7 46. Ra6 Kf6
47. e7+ Kf7 48. Ra7 Kf6 49. Ra6+ Kf7 50. Kg5 Rg2+ 51. Kh6 Rg4 52. Ra7 Rxh4+ 53.
Kg5 Rh5+ 54. Kg4 Rf5 55. Ra8 Kxe7 56. Ra6 Kf7 57. Ra7+ Kf6 58. Ra6+ Kg7 59. Ra7+
Kh6 60. Ra6 Kg7 61. Ra7+ Rf7 62. Rxf7+ Kxf7 63. Kg5 Kg7 64. f5 gxf5 65. Kxf5 1/2-1/2